Annual mean urban heat island versus 2D surface parameters modelling, validation and extension /
Feltételezésünk az, hogy az alföldi városok átlagos évi hősziget intenzitása megközelíthető a felszíni jellemzőik alapján. Tanulmányunk célja - szegedi és debreceni hőmérsékleti és felszínborítottsági adatok alapján - egy többváltozós modell készítése az átlagos hősziget területi eloszlásának megbec...
Elmentve itt :
| Szerzők: | |
|---|---|
| Dokumentumtípus: | Cikk |
| Megjelent: |
2007
|
| Sorozat: | Acta climatologica
40-41 |
| Kulcsszavak: | Hőmérséklet, Szeged, Debrecen |
| Tárgyszavak: | |
| Online Access: | http://acta.bibl.u-szeged.hu/16896 |
| LEADER | 01865nab a2200241 i 4500 | ||
|---|---|---|---|
| 001 | acta16896 | ||
| 005 | 20220510132724.0 | ||
| 008 | 161015s2007 hu o 0|| eng d | ||
| 022 | |a 0563-0614 | ||
| 040 | |a SZTE Egyetemi Kiadványok Repozitórium |b hun | ||
| 041 | |a eng | ||
| 100 | 1 | |a Balázs Bernadett | |
| 245 | 1 | 0 | |a Annual mean urban heat island versus 2D surface parameters |h [elektronikus dokumentum] : |b modelling, validation and extension / |c Balázs Bernadett |
| 260 | |c 2007 | ||
| 300 | |a 5-15 | ||
| 490 | 0 | |a Acta climatologica |v 40-41 | |
| 520 | 3 | |a Feltételezésünk az, hogy az alföldi városok átlagos évi hősziget intenzitása megközelíthető a felszíni jellemzőik alapján. Tanulmányunk célja - szegedi és debreceni hőmérsékleti és felszínborítottsági adatok alapján - egy többváltozós modell készítése az átlagos hősziget területi eloszlásának megbecslésére, e modell validálása, majd kiterjesztése más olyan, hasonló földrajzi adottságú városokra, ahol nem áll rendelkezésre hőmérsékleti mérés. Our assumption is that the mean daily maximum heat island of towns situated on a plain can be assessed on the basis of their surface features. Based on temperature and surface cover data from Szeged and Debrecen, the aim of our research is to construct a multiple variable model for estimating the spatial distribution of the mean heat island, the validation of this model and then to extend our results to other towns situated in a similar environment with no temperature measurements available. | |
| 650 | 4 | |a Természettudományok | |
| 650 | 4 | |a Föld- és kapcsolódó környezettudományok | |
| 695 | |a Hőmérséklet, Szeged, Debrecen | ||
| 700 | 0 | 1 | |a Geiger János |e aut |
| 700 | 0 | 1 | |a Sümeghy Zoltán |e aut |
| 856 | 4 | 0 | |u http://acta.bibl.u-szeged.hu/16896/1/climatologica_040_041_005-015.pdf |z Dokumentum-elérés |